| 000 | 00531nam a2200205Ia 4500 | ||
|---|---|---|---|
| 999 |
_c31612 _d31612 |
||
| 001 | 31493 | ||
| 003 | PK-LaUMT | ||
| 005 | 20221004170521.0 | ||
| 008 | 140416s9999 xx 000 0 und d | ||
| 020 | _a0-8213-3185-x | ||
| 040 | _cPK-LaUMT | ||
| 082 |
_aW 658.7884 _bLOW-P |
||
| 100 | _aLow, Patrick | ||
| 245 |
_aPreshipment inspection services _cLow, Patrick |
||
| 260 |
_aWashington,USA: _bWorld Bank, _c1995 |
||
| 300 | _a154 p. | ||
| 546 | _aEN | ||
| 650 | _aPreshipment inspection of exports | ||
| 942 |
_cWEEDED OUT _2ddc |
||